ბათუმის შოთა რუსთაველის სახელმწიფო უნივერსიტეტის ბიბლიოთეკა

Approaches to Action Learning in Technical and Vocational Education and Training (TVET) / (ბიბ.ჩანაწერი № 58711)

000 -LEADER
fixed length control field 00981nam a22001937a 4500
005 - DATE AND TIME OF LATEST TRANSACTION
control field 20220704113204.0
008 - FIXED-LENGTH DATA ELEMENTS--GENERAL INFORMATION
fixed length control field 220704s2007ge xxu||||| |||| 00| 0 ger d
020 ## - INTERNATIONAL STANDARD BOOK NUMBER
International Standard Book Number 978-3-939394-13-6
080 ## - UNIVERSAL DECIMAL CLASSIFICATION NUMBER
Universal Decimal Classification number 37 B-94
100 ## - MAIN ENTRY--PERSONAL NAME
Personal name Bünning, Frank
9 (RLIN) 14283
245 ## - TITLE STATEMENT
Title Approaches to Action Learning in Technical and Vocational Education and Training (TVET) /
Statement of responsibility, etc. Frank Bünning.
264 ## - PRODUCTION, PUBLICATION, DISTRIBUTION, MANUFACTURE, AND COPYRIGHT NOTICE
Place of production, publication, distribution, manufacture Bonn:
Name of producer, publisher, distributor, manufacturer UNEVOC,
Date of production, publication, distribution, manufacture, or copyright notice 2007.
300 ## - PHYSICAL DESCRIPTION
Extent 60 p:.
Other physical details ill,
Dimensions 18 cm.
653 ## - INDEX TERM--UNCONTROLLED
keyword Approaches to Action Learning in Technical and Vocational Education and Training (TVET)
653 ## - INDEX TERM--UNCONTROLLED
keyword სამოქმედო სწავლების მიდგომები ტექნიკურ და პროფესიაში განათლება და ტრენინგი (TVET)
653 ## - INDEX TERM--UNCONTROLLED
keyword განათლება
856 ## - ELECTRONIC LOCATION AND ACCESS
Uniform Resource Identifier https://unevoc.unesco.org/fileadmin/user_upload/pubs/ActionLearning.pdf
Link text pdf ელექტრონული ვერსია
942 ## - ADDED ENTRY ELEMENTS (KOHA)
Source of classification or shelving scheme
Koha item type წიგნი
ეგზემპლარები
Withdrawn status Lost status Source of classification or shelving scheme Damaged status Not for loan Permanent Location Current Location Shelving location Date acquired Cost, normal purchase price Inventory number Full call number Barcode Date last seen Price effective from Koha item type Public note
          ბათუმის შოთა რუსთაველის სახელმწიფო უნივერსიტეტის მთავარი ბიბლიოთეკა პროფესიული პროგრამების მართვის და უწყვეტი განათლების ცენტრის ბიბლიოთეკა წიგნსაცავი 2022-07-04 5.00 37 B-94 62948 62948 2022-07-04 2022-07-04 წიგნი 5.00